00892nam a2200253 a 450000100060000000300080000600500170001400800410003103500190007204000270009104100080011808200260012610000300015224500780018226000390026030000290029949000330032850400300036165000360039183000410042794200120046899900170048095201410049763575BD-RjUL20211209081218.0170131r19651961enk bd 000 0 eng  a(BD-RjUL)63704 aDLCcDLCdBD-RjULbeng aeng00a938.003223bWAE 19651 aWarrington, John.918710110aEveryman's classical dictionary, 800 B.C.-A.D. 337 /cby John Warrington. aLondon :bJ. M. Dent,c1961, c1965 axxxvii, 537 p. ;c20 cm.0 aEveryman's reference library aBibliography: p. xvii-xx. 0aClassical dictionaries.9188966 aEveryman's reference library9188969 2ddccBK c63575d63575 00102ddc40718NFICaRUCLbRUCLcReadingd1968-11-01eZeitlingerg22.00l0o938.003 WAE 1965r2017-01-31 00:00:00tC-1w2017-01-31yBK